Music Quiz

Random Music or Billboard Quiz

With Or Without The Band Quiz Stats

 Plays Quiz not verified by Sporcle

Challenge
Share
Tweet
Embed
Score 0/30 Timer 09:00
1 Play Today
% Correct
Beat It
93.3%
Let It Be
89.5%
Hotel California
88.4%
Sweet Dreams (Are Made Of This)
83.2%
Hollaback Girl
81.9%
SexyBack
79.9%
Don't Speak
77.9%
Crazy In Love
74.7%
I Gotta Feeling
74.6%
Baby Love
72.9%
Sussudio
72.3%
Hello
72.2%
I Want You Back
71.4%
Proud Mary
69.2%
Dreams
67.6%
% Correct
Big Girls Don't Cry
66.7%
Say My Name
65.9%
Three Times A Lady
64.6%
Invisible Touch
61.9%
Walking On Broken Glass
58.2%
The Old Man Down The Road
55.6%
Open Arms
54.6%
Summer In The City
53.7%
Dirty Laundry
50.4%
Oh Sherrie
50.4%
It's Gonna Be Me
46.7%
Upside Down
45.7%
Stand Back
38.7%
Coming Up
37.6%
Welcome Back
33.3%

You're not logged in!

Compare scores with friends on all Sporcle quizzes.
Join for Free
OR
Log In

You Might Also Like...

Show Comments

Extras

Top Quizzes Today


Score Distribution

Your Account Isn't Verified!

In order to create a playlist on Sporcle, you need to verify the email address you used during registration. Go to your Sporcle Settings to finish the process.

Report this User

Report this user for behavior that violates our Community Guidelines.

Details: